Anagram TV Shows Quiz Stats

 Plays Quiz not verified by Sporcle

Also try: Hair in Television
Challenge
Share
Tweet
Embed
Score 0/10 Timer 05:00
0 Plays Today
Anagram TV Show % Correct
OWH I TME URYO TROMEHHow I Met Your Mother
100%
HET IGB NABG OYTEHRThe Big Bang Theory
98.8%
VHAE I TGO SNWE OFR UYOHave I Got News For You
98.8%
EBOSNBones
92.9%
RLIMACNI NDMSICriminal Minds
91.8%
MGLIEOR LGRISGilmore Girls
90.6%
CGADNIN HWTI HET TSSRADancing With The Stars
89.4%
SSNO FO NAHYCARSons Of Anarchy
88.2%
RHLICAES GLNEASCharlie's Angels
64.7%
OZIRZIL NAD SILSERizzoli and Isles
56.5%

You're not logged in!

Compare scores with friends on all Sporcle quizzes.
OR
Log In

You Might Also Like...

Show Comments

Extras

Created Oct 8, 2011ReportNominate
Tags:Show Quiz, anagrams

Top Quizzes Today


Score Distribution

Your Account Isn't Verified!

In order to create a playlist on Sporcle, you need to verify the email address you used during registration. Go to your Sporcle Settings to finish the process.

Report this User

Report this user for behavior that violates our Community Guidelines.

Details: